Elenca la formazione - Quiz n°101 - Statistics

Statistiche generali
  • Questo quiz è stato fatto 58 volte
  • Il punteggio medio è 7 su 11
Statistiche sulle risposte
Ruolo Nazione Calciatore % Corretto
Trequartista Slovacchia Marek Hamšík
100%
Attaccante Uruguay Edinson Cavani
98%
Trequartista Argentina Ezequiel Lavezzi
92%
Portiere Italia Morgan De Sanctis
78%
Difensore Argentina Hugo Campagnaro
76%
Centrocampista Italia Christian Maggio
75%
Difensore Italia Paolo Cannavaro
75%
Centrocampista Uruguay Walter Gargano
73%
Centrocampista Italia Andrea Dossena
22%
Difensore Italia Gianluca Grava
18%
Centrocampista Italia Michele Pazienza
16%
Nessun quiz corrispondente trovato
Distribuzione punteggi
Percentuale di utenti per punteggio
Percentile per numero di risposta
I tuoi punteggi nel tempo
Non hai fatto questo quiz